Liga Europy 2024/2025 - faza ligowa - Statystyki

Ogólne statystyki
  • Ten quiz został rozwiązany 74 razy
  • Średni wynik to 13 z 36
Statystyki odpowiedzi
Nazwa klubu % Poprawnych
Manchester United
82%
Tottenham
69%
Lazio
63%
Ajax
61%
Athletic Bilbao
55%
Bodo/Glimt
55%
AS Roma
53%
FC Porto
53%
Real Sociedad
51%
Dynamo Kijów
45%
Galatasaray
45%
Rangers
45%
Besiktas
41%
PAOK
41%
Eintracht Frankfurt
39%
Olympique Lyon
39%
Anderlecht
37%
Slavia Praga
37%
Fenerbahce
35%
Olympiakos
35%
Twente
35%
Ferencvaros
33%
Nice
31%
FCSB
27%
Braga
25%
Elfsborg
24%
RFS
24%
Midtjylland
22%
Karabach Agdam
18%
Alkmaar
16%
TSG Hoffenheim
16%
Łudogorec Razgrad
14%
Maccabi Tel Awiw
14%
Malmo FF
12%
FC Viktoria Pilzno
6%
Royale Union SG
4%
Nie znaleziono quizów pasujących do podanych kryteriów
Rozkład punktacji
Procent ludzi z każdym wynikiem
Percentyl według liczby udzielonych odpowiedzi
Twoja historia wyników
Nie rozwiązałeś tego quizu